| 000 | 00498nmm a2200169Ia 4500 | ||
|---|---|---|---|
| 008 | 251105s9999||||xx |||||||||||||||||und|| | ||
| 020 | _a9788497433181 | ||
| 041 | _aspa | ||
| 100 | _aAymes, Jean-René | ||
| 245 | 0 | _aLa Guerra de la Independencia: Héroes, villanos y víctimas | |
| 264 |
_a[Madrid, España] : _bMilenio, _c2009 |
||
| 300 | _a433 páginas | ||
| 490 | _aHispania | ||
| 650 | _aHistory of Europe: Spain | ||
| 856 | _uhttps://public.digitaliapublishing.com/a/6384 | ||
| 942 | _cCF | ||
| 999 |
_c90515 _d90515 |
||